000
00222 a2200097 4500
001
37304
100
_a
Rafique Akhtar
245
_a
Pakistan year book 1989-90
260
_a
Lahore
_b
EWP CO Lahore
_c
090
_c
23779
_d
23779
942
_a
NUST-CAE
_c
M
_c
15312
999
_c
272377
_d
272377